01552nab a22002777a 4500999001500000003000400015005001700019008004100036040000700077100002700084245007700111260007300188300001300261500007500274505048200349505008900831650003500920650002000955650002200975650002300997650003201020650003401052650003301086773014201119942001301261 c6350d6350OSt20260131191829.0190603e xxum|||| |||| 00| 0 spa d cPJ 94896aRolón, Avelino10aTestamento electrónico :bla inexorable evolución /cAvelino Rolon.  cCiudad Autónoma de Buenos Aires :aThomson Reuters La Ley, b2025. ap. 37-48 aCita: TR LALEY AR/DOC/2873/2025 Publicado en: RCCyC 2025 (Diciembre). a Sumario: I. Introducción.— II. ¿Qué se entiende por testamento electrónico?— III. Testamento electrónico: firma electrónica y firma digital. La llamada "herencia digital".— IV. Algunos antecedentes jurisprudenciales registrados en otros países.— V. Marco normativo internacional.— VI. El marco legal argentino sobre la materia.— VII. Algunos conceptos a considerar para el testamento electrónico en nuestro país.— VIII. Consideraciones finales.  t¿Te interesa el texto completo? Solicitalo al correo: koha@justierradelfuego.gov.ar 091497aCODIGO CIVIL Y COMERCIAL 09888aSUCESIONES 091115aTESTAMENTOS 09282aFIRMA DIGITAL 094484aTESTAMENTO OLÓGRAFO 092334aDOCUMENTO ELECTRÓNICO 096081aCIENCIA Y TECNOLOGÍA0 0271393170dCiudad Autónoma de Buenos Aires : Thomson Reuters La Ley, 2015-tRevista Código Civil y Comercial. Nº 6 - Diciembre 2025 2udccANA